Country Google Translated - Statistics

General Stats
  • This quiz has been taken 14 times
  • The average score is 9 of 25
Answer Stats
Hint Answer % Correct
Democracy in central africa Central African Republic
82%
Democratic Republic Democratic Republic of the Congo
73%
Equator Ecuador
73%
Savior El Salvador
73%
Malaysian Cookies Malaysia
73%
Vincent worked at Grenada St Vincent and the Grenadines
73%
Thai government Thailand
73%
We United States
64%
Malagasy office Madagascar
45%
green coat Cape Verde
36%
I need help Chile
36%
I have bamboo Grenada
27%
calcona Turkey
27%
A few months later United Kingdom
27%
Assembly Belize
18%
cup Chad
18%
VALUATOR Comoros
18%
Story Kazakhstan
18%
Numm Suriname
18%
go Togo
18%
repair Zimbabwe
18%
He was fat Marshall Islands
9%
Hello Palau
9%
Properly Solomon Islands
9%
Pokisoplan's Sports Goals St. Kitts and Nevis
9%
No matching quizzes found
Score Distribution
Percent of People with Each Score
Percentile by Number Answered
Your Score History
You have not taken this quiz